000 02610cam a22006014i 4500
003 PE-LiUPU
005 20250731180055.0
008 160613s2012 mx a rb 001 0 spa d
020 _a6074816190
020 _a9786074816198
035 _a(Sirsi) a157214
040 _aPE-LiUPU
_bspa
_cPE-LiUPU
_erda
041 1 _aspa
_heng
049 _aPRUA
082 0 4 _a519.5262
_bD64 2012
_221
100 1 _aDevore, Jay L.,
_eautor.
245 1 0 _aProbabilidad y estadística para ingeniería y ciencias /
_cJay L. Devore ; traducción: Patricia Solorio Gómez ; revisión técnica: Ana Elizabeth García Hernández.
250 _aOctava edición.
264 1 _aMéxico :
_bCengage Learning,
_c2012.
300 _axvi, 687 páginas :
_bilustraciones ;
_c26 centímetros
336 _atext
_2rdacontent
337 _aunmediated
_2rdamedia
338 _avolume
_2rdacarrier
504 _aBibliografía al final de cada capítulo.
504 _aÍndice : páginas I-1 - I-12.
505 0 _aGeneralidades y estadísticas descriptivas -- Probabilidad -- Variables aleatorias discretas y distribución de probabilidad -- Variables aleatorias continuas y distribución de probabilidad -- Estimación puntual -- Intervalos estadísticos basados en una solo muestra -- Pruebas de hipótesis basadas en una sola muestra -- Inferencias basadas en dos muestras -- Análisis de la varianza -- Análisis multifactorial de la varianza -- Regresión lineal simple y correlación -- Regresión múltiple y no lineal -- Pruebas de bondad de ajustes y análisis -- Procedimientos de distribución libres -- Métodos de control de calidad.
526 _aSEG44
526 _aSEG26
526 _aP159
526 _aP155
526 _aP154
526 _aP153
526 _aP150
526 _aP100
526 _aP31
526 _aP30
526 _aP26
526 _aP25
526 _aP24
526 _aP22
526 _aP15
526 _aP10
534 _pTítulo original :
_tProbability and statistics for engineering and sciences. Eighth edition.
650 0 4 _aEstadística para Ingenieros.
700 1 _aSolorio Gómez, Patricia,
_etraductor.
700 1 _aGarcía Hernández, Ana Elizabeth,
_erevisor técnico.
910 _ajck
_bjck
_cjck
_d20160613
942 _2ddc
_cBOOK
994 _aC0
_bPEPRU
596 _a1
999 _a519.5262 D64 2012
_wDEWEY
_c9886
_i73531
_d9886
_e2016-10-4
_f2021-11-9
_g7
_lCCODEBUL1
_mBUL
_n3
_p40.00
_r0
_sY
_tBOOK
_u2016-6-13
_xINGENIERIA
_PP06
_0COMPRA
_o.STAFF. Colección General
980 _81
_gALBERTO SANCHEZ Responsable de Automatización